Hall of Fame des deutschen Sports - Statistiken

Allgemein
  • Dieses Quiz wurde 94 mal gespielt
  • Das Durchschnittsergebnis liegt bei 15 aus 130
Antwortstatistiken
Sport m/w Antwort % Korrekt
Fußball m Gerd Müller
78%
Fußball m Franz Beckenbauer
77%
Basketball m Dirk Nowitzki
68%
Fußball m Lothar Matthäus
61%
Biathlon w Magdalena Neuner
59%
Motorsport m Michael Schumacher
58%
Fußball m Philipp Lahm
55%
Tennis m Boris Becker
53%
Boxen m Henry Maske
51%
Tennis w Steffi Graf
49%
Leichtathletik w Ingrid Mickler-Becker
47%
Boxen m Max Schmeling
42%
Fußball m Uwe Seeler
39%
Eiskunstlauf w Katarina Witt
38%
Gewichtheben m Matthias Steiner
38%
Rudern m Thomas Lange
38%
Golf m Bernhard Langer
34%
Tennis m Michael Stich
34%
Kanu w Birgit Fischer
32%
Ski Alpin m Christian Neureuther
32%
Schwimmen w Franziska van Almsick
32%
Fußball m Fritz Walter
32%
Fußball m Sepp Maier
30%
Fußball m Uli Hoeneß
30%
Rennrodeln m Georg Hackl
23%
Fußball m Günter Netzer
23%
Biathlon w Uschi Disl
23%
Biathlon w Kati Wilhelm
22%
Schwimmen m Michael Groß
22%
Leichtathletik w Heike Drechsler
20%
Boxen w Regina Halmich
20%
Handball m Heiner Brand
19%
Ski Nordisch m Sven Hannawald
18%
Fußball m Helmut Schön
15%
Fußball m Joachim Löw
15%
Ski Alpin w Rosi Mittermaier
15%
Leichtathletik m Harald Schmid
14%
Leichtathletik w Heike Henkel
14%
Ski Alpin w Maria Riesch
14%
Fechten w Britta Heidemann
12%
Fechten m Arnd Schmitt
11%
Fußball m Sepp Herberger
11%
Fechten w Anja Fichtel
9%
Eishockey m Erich Kühnhackl
9%
Segeln m Jochen Schümann
8%
Turnen m Friedrich Ludwig Jahn
7%
Eisschnelllauf w Gunda Niemann-Stirnemann
7%
Fußball w Silvia Neid
7%
Ski Nordisch m Georg Thoma
5%
Ski Alpin w Hilde Gerg
5%
Leichtathletik m Armin Hary
4%
Schach m Emanuel Lasker
4%
Reitsport m Hans Günter Winkler
4%
Eiskunstlauf m Hans-Jürgen Bäumler
4%
Ski Alpin w Katja Seizinger
4%
Tischtennis m Eberhard Schöler
3%
Handball m Joachim Deckarm
3%
Eiskunstlauf w Marika Kilius
3%
Motorsport m Wolfgang Graf Berghe von Trips
3%
Fechten m Alexander Pusch
1%
Reitsport m Alwin Schockemöhle
1%
Kanu m Andreas Dittmer
1%
Handball m Bernhard Kempa
1%
Turnen m Eberhard Gienger
1%
Eisschnelllauf m Erhard Keller
1%
Handball m Erhard Wunderlich
1%
Ski Nordisch m Franz Keller
1%
Tennis m Gottfried Freiherr von Cramm
1%
Radsport m Gustav Kilian
1%
Leichtathletik w Heide Ecker-Rosendahl
1%
Reitsport m Josef Neckermann
1%
Rudern w Kathrin Boron
1%
Rudern m Peter-Michael Kolbe
1%
Reitsport m Reiner Klimke
1%
Schwimmen m Roland Matthes
1%
Leichtathletik w Ulrike Nasse-Meyfarth
1%
Biathlon w Verena Bentele
1%
Motorsport m Walter Röhrl
1%
Radsport m Albert Richter
0%
Turnen m Alfred Schwarzmann
0%
Biathlon w Antje Harvey
0%
Fußball m Bert Trautmann
0%
Turnen m Carl Schuhmann
0%
Tennis w Cilly Aussem
0%
Fechten w Cornelia Hanisch
0%
Schwimmen m Erich Rademacher
0%
Fechten m Erwin Casmir
0%
Judo m Frank Wieneke
0%
Reitsport m Fritz Thiedemann
0%
Ski Alpin m Gerd Schönfelder
0%
Leichtathletik w Greta Bergmann-Lambert
0%
Hockey w Greta Blunck
0%
Eishockey m Gustav Jaenecke
0%
Rudern m Gustav Schäfer
0%
Leichtathletik m Hans Braun
0%
Trabrennsport m Hans Frömming
0%
Ski Nordisch m Hans-Georg Aschenbach
0%
Rudern m Hans Lenk
0%
Tischtennis m Hans Wilhelm Gäb
0%
Leichtathletik m Hartwig Gauder
0%
Fußball m Heiner Stuhlfauth
0%
Leichtathletik m Heinz Fütterer
0%
Turnen m Helmut Bantz
0%
Ski Nordisch m Helmut Recknagel
0%
Ski Nordisch m Henner Misersky
0%
Hockey m Hugo Budinger
0%
Wasserspringen w Ingrid Krämer-Gulbin
0%
Turnen w Karin Büttner-Janz
0%
Rudern m Karl Adam
0%
Schwimmen m Klaus Steinbach
0%
Leichtathletik m Klaus Wolfermann
0%
Handball w Kristina Richter
0%
Radsport w Kristina Vogel
0%
Radsport m Kurt Stöpel
0%
Leichtathletik w Liesel Westermann-Krieg
0%
Leichtathletik m Manfred Germar
0%
Leichtathletik w Marianne Buggenhagen
0%
Ski Alpin m Martin Braxenthaler
0%
Leichtathletik m Martin Lauer
0%
Bob m Meinhard Nehmer
0%
Leichtathletik w Renate Stecher
0%
Motorsport m Rudolf Caracciola
0%
Leichtathletik m Rudolf Harbig
0%
Boxen m Ulli Wegener
0%
Ringen m Werner Seelenbinder
0%
Ringen m Wilfried Dietrich
0%
Leichtathletik m Willi Holdorf
0%
Ski Alpin m Willy Bogner
0%
Segeln m Willy Kuhweide
0%
Radsport m Wolfgang Lötzsch
0%
Keine übereinstimmenden Quizze gefunden
Verteilung der Resultate
Anzahl Personen mit jedem Resultat
Perzentil nach korrekt beantworteten Fragen
Ihre Resultats-Entwicklung
Sie haben dieses Quiz noch nicht gespielt